| 000 | 00548nam a22001697a 4500 | ||
|---|---|---|---|
| 999 |
_c13560 _d13560 |
||
| 003 | AR-CdUCM | ||
| 008 | 190415b ||||| |||| 00| 0 spa d | ||
| 040 |
_aMUNICIPALIDAD PROVINCIAL DEL CUSCO _cBIBLIOTECA MUNICIPAL DEL CUSCO |
||
| 082 |
_a780.9 / _bL31 / 1931 |
||
| 100 |
_aLavignac, Albert _932021 |
||
| 245 | _aEncyclopedie de la musique et dictionnaire du conservatoire / | ||
| 260 |
_aParis : _bDelagrave, _c1931. |
||
| 300 |
_a609 páginas ; _c29 cm. |
||
| 505 | _aHistoire de la mosique. | ||
| 942 |
_2ddc _cLIBROS |
||
| 945 |
_awfj _d2019-04-15 |
||